<?xml version="1.0" encoding="UTF-8"?>
<record
    xmlns:xsi="http://www.w3.org/2001/XMLSchema-instance"
    xsi:schemaLocation="http://www.loc.gov/MARC21/slim http://www.loc.gov/standards/marcxml/schema/MARC21slim.xsd"
    xmlns="http://www.loc.gov/MARC21/slim">

  <leader>03336nam a2200517Ia 4500</leader>
  <controlfield tag="001">208</controlfield>
  <controlfield tag="008">241029s9999    xx            000 0 und d</controlfield>
  <datafield tag="010" ind1=" " ind2=" ">
    <subfield code="a">183</subfield>
  </datafield>
  <datafield tag="041" ind1=" " ind2=" ">
    <subfield code="a">Espa&#xF1;ol</subfield>
  </datafield>
  <datafield tag="082" ind1=" " ind2=" ">
    <subfield code="a">T 378  V648e  2014 14-030323-T e.2</subfield>
  </datafield>
  <datafield tag="245" ind1=" " ind2="0">
    <subfield code="a">Efectividad y pertinencia de la Prueba de Orientaci&#xF3;n y Medici&#xF3;n Acad&#xE9;mica (POMA), aplicada por la Universidad Central del Este, a los estudiantes de nuevo ingreso del per&#xED;odo 2013, en la Facultad de Ciencias Administrativas, carrera de Contabilidad.</subfield>
  </datafield>
  <datafield tag="260" ind1=" " ind2=" ">
    <subfield code="a">San Pedro de Macor&#xED;s</subfield>
  </datafield>
  <datafield tag="300" ind1=" " ind2=" ">
    <subfield code="a">46</subfield>
  </datafield>
  <datafield tag="520" ind1=" " ind2=" ">
    <subfield code="a">20</subfield>
  </datafield>
  <datafield tag="630" ind1=" " ind2=" ">
    <subfield code="a">Estudiantes</subfield>
  </datafield>
  <datafield tag="650" ind1=" " ind2=" ">
    <subfield code="a">Evaluaci&#xF3;n</subfield>
  </datafield>
  <datafield tag="690" ind1=" " ind2=" ">
    <subfield code="a">Elaborado</subfield>
  </datafield>
  <datafield tag="700" ind1=" " ind2=" ">
    <subfield code="e">asesor</subfield>
    <subfield code="a">Gonzales, Mar&#xED;a </subfield>
  </datafield>
  <datafield tag="700" ind1=" " ind2=" ">
    <subfield code="e">autor</subfield>
    <subfield code="a">Vidal G&#xF3;mez , Xiomara </subfield>
  </datafield>
  <datafield tag="901" ind1=" " ind2=" ">
    <subfield code="a">{"1":"Vidal G&#xF3;mez "}</subfield>
    <subfield code="b">{"1":"Xiomara "}</subfield>
  </datafield>
  <datafield tag="902" ind1=" " ind2=" ">
    <subfield code="a">1</subfield>
  </datafield>
  <datafield tag="903" ind1=" " ind2=" ">
    <subfield code="a">{"1":"Gonzales"}</subfield>
    <subfield code="b">{"1":"Mar&#xED;a "}</subfield>
  </datafield>
  <datafield tag="904" ind1=" " ind2=" ">
    <subfield code="a">Mag&#xED;ster en</subfield>
  </datafield>
  <datafield tag="905" ind1=" " ind2=" ">
    <subfield code="a">Educaci&#xF3;n Superior</subfield>
  </datafield>
  <datafield tag="906" ind1=" " ind2=" ">
    <subfield code="a">1</subfield>
  </datafield>
  <datafield tag="907" ind1=" " ind2=" ">
    <subfield code="a">Menci&#xF3;n en</subfield>
  </datafield>
  <datafield tag="908" ind1=" " ind2=" ">
    <subfield code="a">Gesti&#xF3;n</subfield>
  </datafield>
  <datafield tag="909" ind1=" " ind2=" ">
    <subfield code="a">Universidad Central del Este (UCE)</subfield>
  </datafield>
  <datafield tag="910" ind1=" " ind2=" ">
    <subfield code="a">NULL</subfield>
    <subfield code="b">NULL</subfield>
  </datafield>
  <datafield tag="911" ind1=" " ind2=" ">
    <subfield code="a">["1"]</subfield>
  </datafield>
  <datafield tag="912" ind1=" " ind2=" ">
    <subfield code="a">NO APLICA</subfield>
  </datafield>
  <datafield tag="913" ind1=" " ind2=" ">
    <subfield code="a">NULL</subfield>
  </datafield>
  <datafield tag="914" ind1=" " ind2=" ">
    <subfield code="a">17 de Febrero de 2014</subfield>
  </datafield>
  <datafield tag="915" ind1=" " ind2=" ">
    <subfield code="a">06/12/19 10:12</subfield>
  </datafield>
  <datafield tag="916" ind1=" " ind2=" ">
    <subfield code="a">NULL</subfield>
  </datafield>
  <datafield tag="917" ind1=" " ind2=" ">
    <subfield code="a">NULL</subfield>
  </datafield>
  <datafield tag="918" ind1=" " ind2=" ">
    <subfield code="a">NO APLICA</subfield>
  </datafield>
  <datafield tag="919" ind1=" " ind2=" ">
    <subfield code="a">["96"]</subfield>
  </datafield>
  <datafield tag="520" ind1=" " ind2=" ">
    <subfield code="a">El prop&#xF3;sito principal de este estudio consisti&#xF3; en determinar la efectividad y pertinencia de la Prueba de Orientaci&#xF3;n y Medici&#xF3;n Acad&#xE9;mica (POMA) aplicada por la Universidad Central del Este a los Estudiantes de Nuevo Ingreso del periodo 2013, en la Facultad de Ciencias Administrativas, carrera de Contabilidad. Para el alcance de los objetivos, el estudio emple&#xF3; los m&#xE9;todos descriptivos y anal&#xED;ticos. Como instrumento de recolecci&#xF3;n de datos se utiliz&#xF3; un cuestionario. Se trabaj&#xF3; con una poblaci&#xF3;n de 30 estudiantes de nuevo ingreso de la Facultad de Ciencias Administrativas, carrera Contabilidad del per&#xED;odo 2013, de los cuales se seleccion&#xF3; una muestra de 28 estudiantes, a los cuales les fue aplicada la Prueba de Admisi&#xF3;n POMA.Entre las principales conclusiones se destaca que: a) Existe un alto &#xED;ndice por parte de los estudiantes al momento de tomar la Prueba de orientaci&#xF3;n y Medici&#xF3;n Acad&#xE9;mica (POMA); b) El espacio f&#xED;sico donde es aplicada la Prueba de Orientaci&#xF3;n y Medici&#xF3;n Acad&#xE9;mica (POMA), resulta ser peque&#xF1;o en proporci&#xF3;n a la demanda. Adem&#xE1;s, el mismo tiene acceso a otras dependencias de la Instituci&#xF3;n, dando lugar a la distracci&#xF3;n y c) Los estudiantes que resultan reprobados son sometidos a programa de refuerzo, dirigido y supervisado por el Departamento de Orientaci&#xF3;n y Psicolog&#xED;a hasta superar el &#xE1;rea con resultados negativos.El estudio recomienda continuar con la implementaci&#xF3;n de la Prueba de Orientaci&#xF3;n y Medici&#xF3;n Acad&#xE9;mica (POMA), ya que esta ha demostrado ser eficiente y pertinente para evaluar a los estudiantes, orientarles de acuerdo con sus habilidades y aptitudes y reforzar las necesidades. Tambi&#xE9;n recomienda, dotar al Departamento de Orientaci&#xF3;n y Psicolog&#xED;a de recursos humano demandante para brindar la atenci&#xF3;n necesaria a los diferentes usuarios.Para visualizar este estudio en su totalidad haga click aqu&#xED;</subfield>
  </datafield>
  <datafield tag="921" ind1=" " ind2=" ">
    <subfield code="a">2</subfield>
  </datafield>
  <datafield tag="922" ind1=" " ind2=" ">
    <subfield code="a">2</subfield>
  </datafield>
  <datafield tag="923" ind1=" " ind2=" ">
    <subfield code="a">0</subfield>
  </datafield>
  <datafield tag="924" ind1=" " ind2=" ">
    <subfield code="a">NO APLICA</subfield>
  </datafield>
  <datafield tag="942" ind1=" " ind2=" ">
    <subfield code="c">Tesis</subfield>
  </datafield>
  <datafield tag="999" ind1=" " ind2=" ">
    <subfield code="c">183</subfield>
    <subfield code="d">183</subfield>
  </datafield>
</record>
